Obálka Náhled e-knihy:
PDF Epub
Pro půjčování e-knih musíte být přihlášeni.
Jak si půjčit online?

Návrat domů /

Vyvrcholení dramatické severské trilogie, která si podmanila Švédsko.

Uloženo v:
Série:Jana Kippová, část 3
Hlavní autor: Smirnoff, Karin, 1964- (Autor)
Další autoři: Olešová, Lucie, 1992- (Autor)
Médium: E-kniha
Jazyk:Czech
Vydáno: Praha : Kniha Zlin, 2025
Vydání:Vydání první
Témata:
Příbuzné jednotky:Z cyklu:: Jana Kippová
Tagy:
Žádné tagy
LEADER 02330nam a2200433 i 4500
001 312691
003 CZ PrSKC
005 20260601215727.0
007 ta
008 250411s2025 xr g 000 f cze
015 |a cnb003681183 
020 |a 9788076628144  |q (brožováno) :  |c Kč 449,00 
035 |a (OCoLC)1523000500 
040 |a ABG001  |b cze  |e rda 
041 1 |a cze  |h swe 
072 7 |a 821.11  |x Germánské literatury  |2 Konspekt 
080 |a 821.113.6-31  |2 MRF 
080 |a (0:82-31)  |2 MRF 
100 1 |a Smirnoff, Karin,  |d 1964-  |7 pna20231209941  |4 aut 
240 1 0 |a Sen for jag hem.  |l Česky 
245 1 0 |a Návrat domů /  |c Karin Smirnoff ; přeložila Lucie Olešová 
250 |a Vydání první 
264 1 |a Praha :  |b Kniha Zlin,  |c 2025 
300 |a 350 stran ;  |c 20 cm 
336 |a text  |b txt  |2 rdacontent 
337 |a bez média  |b n  |2 rdamedia 
338 |a svazek  |b nc  |2 rdacarrier 
500 |a Přeloženo ze švédštiny 
520 2 |a Vyvrcholení dramatické severské trilogie, která si podmanila Švédsko.  |b Jana Kippová opouští Smalanger, aby se zúčastnila zahájení své výstavy ve Stockholmu. Tam ji znovu dostihne její minulost a zároveň se před ní otevřou nové příležitosti. Možná to znamená šanci na důstojný život. S láskou a uměním, bez Johna, bratra, Diany a dalších, kteří se ozývají ze severu. Jenže domov a rodina v ní zakořenily až příliš hluboko a minulost má znepokojivou tendenci se opakovat. Podaří se Janě najít své místo ve světě a osvobodit se od paralyzujících traumat? Nakladatelská anotace. 
655 7 |a švédské romány  |7 fd133923  |2 czenas 
655 9 |a Swedish fiction  |2 eczenas 
700 1 |a Olešová, Lucie,  |d 1992-  |7 ola2017940828  |4 trl 
787 0 8 |i Z cyklu:  |t Jana Kippová  |g 3 
900 |a ABA001  |b 20 
928 9 |a Albatros Media - Kniha Zlin 
044 |a xr 
910 |a RBIT002 
998 |d 419492  |a https://core.palmknihy.cz/api/books/419492/cover?sug7cf  |b https://core.palmknihy.cz/api/books/419492/cover/400?sug7cf  |c https://core.palmknihy.cz/api/books/419492/cover/50?sug7cf  |e 2030-04-14  |g 360  |i 9788076628144  |j https://core.palmknihy.cz/api/books/419492/preview.epub  |k https://core.palmknihy.cz/api/books/419492/preview.pdf  |l   |q 49  |r 1  |s https://www.palmknihy.cz/kniha/419492  |t ebook  |y 2025  |z 0  |v Jana Kippová  |w 3 
999 |d 312689